| 000 | 01045nam a2200301 a 4500 | ||
|---|---|---|---|
| 003 | TR-IsYBT | ||
| 005 | 20220908173058.0 | ||
| 007 | t | ||
| 008 | 141020s2013$$$$tu#$r17001###$$$$#170170tur u | ||
| 020 |
_a9789754647655 _cTL127,50 |
||
| 040 |
_btur _erda _c |
||
| 041 | 0 | _atur | |
| 044 | _ctu | ||
| 050 | 0 | 0 | _aKKX558 |
| 090 | 0 | 0 |
_aKKX558 _b.G463 2013 |
| 100 | 1 | _aGençcan, Ömer Uğur. | |
| 245 | 1 |
_a6100 Sayılı Hukuk Muhakemeleri Kanunu Yorumu : _bbilimsel açıklama-son içtihatlar/ _cÖmer Uğur Gençcan. |
|
| 264 | 1 |
_aAnkara : _bYetkin yayınları, _c2013. |
|
| 300 | _a1576 s.; 25 cm. | ||
| 336 |
_ametin _btxt _2rdacontent |
||
| 337 |
_aaracısız _bn _2rdamedia |
||
| 338 |
_acilt _bnc _2rdacarrier |
||
| 650 | 0 | _aBoşanma -- Yasa ve yasama -- Türkiye. | |
| 650 | 0 | _aDivorce -- Law and legislation -- Turkey. | |
| 856 | 4 | 0 | _uhttps://kutuphane.altinbas.edu.tr/yordam/?p=1&alan=kunyeDemirbasKN_str&q=0027786 |
| 902 | _a0027786 | ||
| 947 |
_a107344989 _b33553837 _c152 _d789 _eAltinbas Universitesi _fAltinbas _g2022-06-20 10:40:47 |
||
| 999 |
_c200449751 _d67963 |
||